000 00454nam a2200133 a 4500
008 120416s1971 ||||||||||||||||| || u
050 _aQE 320 Tec
245 1 0 _aTectonics of Africa
246 _aTectonique de L'Afrique
260 _aParis
_bUNESCO
_c1971
300 _a602p. : ill
350 _a0.00
995 _D0.00
_FCBU-MAIN LIBRARY (Kitwe)
_H1
_I40.00
_UAVAILABLE
_ZAnnex Low-Usage Collection
999 _c59599
_d59599